[Event "TUR-ch U13/18 Girls"]
[Site "Antalya"]
[Date "2023.01.27"]
[Round "8"]
[White "Kurnaz, Duru"]
[Black "Sahin, Ecrin Zeycan"]
[Result "1/2-1/2"]
[WhiteElo "1256"]
[BlackElo "1134"]
[PlyCount "110"]
[EventDate "2023.01.17"]
[EventType "swiss"]
[EventRounds "9"]
[EventCountry "TUR"]
[SourceTitle "EXT 2024"]
[Source "ChessBase"]
[SourceDate "2023.10.10"]
[SourceVersion "1"]
[SourceVersionDate "2023.10.10"]
[SourceQuality "1"]

1. c4 e6 2. Nc3 Nf6 3. d4 d5 4. cxd5 exd5 5. Nf3 c6 6. a3 a5 7. h3 h6 8. Bf4 Bd6 9. Be5 0-0 10. e3 Re8 11. Bd3 Bc7 12. 0-0 Nbd7 13. Bxc7 Qxc7 14. Qc2 Qd6 15. Rfc1 Qe7 16. Nd2 Nf8 17. Na4 N8d7 18. Nb3 Ne4 19. Nac5 a4 20. Bxe4 dxe4 21. Nd2 Nxc5 22. dxc5 f5 23. Qc4+ Be6 24. Qb4 Qc7 25. Rd1 Re7 26. Nc4 Bxc4 27. Qxc4+ Kh7 28. Rd6 Rd7 29. Qe6 Rf7 30. Qg6+ Kg8 31. Rad1 Raf8 32. Qe6 Kh8 33. Qc4 Ra8 34. Qd4 Kh7 35. Qc4 Re7 36. Qe2 Kg8 37. Qh5 Rf7 38. Qg6 Raf8 39. Qe6 Kh8 40. Rd7 Qc8 41. R1d6 Rxd7 42. Qxd7 Qxd7 43. Rxd7 Rb8 44. Rd4 Ra8 45. Rb4 Ra7 46. Kf1 Kg8 47. Ke2 Kf7 48. f3 exf3+ 49. gxf3 Ke6 50. e4 g6 51. Ke3 g5 52. Kd3 Ke5 53. Ke3 h5 54. exf5 Kxf5 55. Kf2 Ke5 1/2-1/2